History Quiz

Random History or Nation Quiz

25 Facts About Benjamin Franklin Quiz Stats

 Plays Quiz Updated Jun 21, 2020

     
Support Sporcle.
Go Orange.
Score 0/25 Timer 08:00
0 Plays Today
% Correct
University of Pennsylvania
92.4%
clergyman
92.2%
The Paxton Boys
91.4%
Deborah Read
91.4%
print shop
91.2%
lightning rod
91.1%
France
90.3%
Postmaster General
89.4%
storm
89.3%
Stamp Act
87.8%
William
87.4%
vegetarianism
87.1%
Poor Richard's Almanack
86.5%
% Correct
Second Continental Congress
84.9%
positive and negative
83.1%
the Declaration of Independence
82.9%
library
78.2%
the Constitution
76.8%
Silence Dogood
74%
President
73.1%
Hospital
65.2%
New Jersey
63.7%
Philadelphia
57.6%
Boston
50.4%
Charleston
29.2%

From the Vault

United States 'C' Geography

by petenge

Cool locales from coast to coast.
Remove Ads.
Support Sporcle.
Get the best of Sporcle when you Go Orange. This ad-free experience offers more features, more stats, and more fun while also helping to support Sporcle. Thank you for becoming a member.

Show Comments

Extras

Top Quizzes Today


Score Distribution

Your Account Isn't Verified!

In order to create a playlist on Sporcle, you need to verify the email address you used during registration. Go to your Sporcle Settings to finish the process.

Report this User

Report this user for behavior that violates our Community Guidelines.

Details: